000 01224nam a2200325 a 4500
001 vtls001449284
003 NLI
005 20210627120018.0
008 121130s1909 ii 000 0 san
039 9 _y201211302004
_zVLOAD
040 _aNLI
_bsaneng
_cDatasoft_Sanskrit
_eAACR2
041 0 _asan
044 _a ii
084 _a180
_bJb 91.290
245 0 0 _6880-02
_aवृद्धसूर्याकरणकर्मविपाकः /
_cसम्पादक कृष्णदास
260 _aमुम्बंय्या :
_bवेंक्टेश्वर मुद्राणालये,
_c1909
300 _a647 p. ;
_c25 cm.
650 0 _aHinduism
_xRituals
_9687172
650 0 _aWorship (Hinduism)
650 0 _aPrayer
_xHinduism
700 0 _6880-03
_aकृष्णदास,
_4edt
880 0 0 _6245-02(B
_aVṛddhasūryākaraṇakarmavipākaḥ /
_cedited by Kṛṣṇadāsa
880 _6700-03(B
_aKṛṣṇadāsa
_4edt
887 _a Rajani 07.08.2012 (Sumit Kumar Das)
901 _aSA2036
_b21.05.1959
902 _a180 Jb 91.290
904 _cRajani 07.08.2012 (Sumit Kumar Das)
_l13908
949 _AVIRTUAITEM
_D10000
_X100
_6SAX000002036SAN
942 _2ddc
_cBKS
999 _aVIRTUA40
_c878286
_d878286